| 000 | 01600cam a22004574a 4500 | ||
|---|---|---|---|
| 001 | ocn192055223 | ||
| 003 | TZ-ArACH | ||
| 005 | 20150421111029.0 | ||
| 008 | 080131s2007 fr 000 0 fre | ||
| 010 | _a 2008382577 | ||
| 020 | _a9782707153470 | ||
| 020 | _a2707153478 | ||
| 035 | _a(OCoLC)192055223 | ||
| 040 |
_aDLC _beng _cTZ-ArACH _dTZT _dMUQ _dDEBSZ _dOCLCQ _dOCLCF _dOCLCO |
||
| 041 | _aFre | ||
| 049 | _aTZAA | ||
| 050 | 0 | 0 |
_aBP163 _b.B77 |
| 082 | 1 | 4 |
_a320 _21 |
| 100 | 1 |
_aBurgat, François. _916270 |
|
| 245 | 1 | 2 |
_aIslamisme en face / _cFrançois Burgat. |
| 250 | _aEd. 2007 mise à jour. | ||
| 260 |
_aParis : _bDécouverte, _c2007. |
||
| 300 |
_axliii, 311 p. ; _c19 cm. |
||
| 490 | 1 | _aPoche . Essais | |
| 504 | _aIndex | ||
| 648 | 7 |
_a1900 - 2099 _2fast _916271 |
|
| 650 | 0 |
_aIslam _y21st century. _916272 |
|
| 650 | 0 |
_aIslam _y20th century. _916273 |
|
| 650 | 0 |
_aViolence _xReligious aspects _xIslam. _916274 |
|
| 650 | 6 |
_aIntégrisme islamique. _916275 |
|
| 650 | 6 |
_aIslam et politique. _916276 |
|
| 650 | 6 |
_aIslam _xHistoire _y20e siècle. _916277 |
|
| 650 | 6 |
_aViolence _xAspect religieux _xIslam. _916278 |
|
| 650 | 7 |
_aIslam. _2fast _916279 |
|
| 650 | 7 |
_aViolence _xReligious aspects _xIslam. _2fast _916280 |
|
| 653 |
_aIslam _aGeopolitics |
||
| 830 | 0 |
_aPoche . _pEssais. _916281 |
|
| 942 |
_2lcc _cBOOK |
||
| 999 |
_c2911 _d2911 |
||